A-Z: Answers containing "Tron" - Statistics

General Stats
  • This quiz has been taken 10 times
  • The average score is 6 of 26
Answer Stats
Initial Clue Answer % Correct
A Person who flies on a spaceship Astronaut
100%
E Having microchips and transistors that control and direct current; digital Electronic
60%
G The field of cooking and food Gastronomy
60%
J Huge screen installed in some sports stadiums Jumbotron
50%
M Device which emits a simple beat as an accompaniment for musicians Metronome
50%
N Particle which is found next to protons Neutron
50%
C Essential oil obtained from the leaves and stems of lemongrass Citronella
40%
P Anti-matter equivalent of an electron Positron
40%
D Unstable subatomic particle which is double the mass of the usual version (which is part of the nucleus) Dineutron
30%
B The field of computers and similar machines which interact with living organisms Bioelectronics
20%
H Stubborn, determined Headstrong
20%
S Chemical element named after a Scottish village Strontium
20%
U Having few or no customers Unpatronised
20%
F Town in Chile where you find nothing Futrono
10%
R A term, such as film camera or snail mail, that is created to distinguish the older version from the newer one Retronym
10%
T A type of sodium carbonate mineral Trona
10%
X A plate in the underside of a turtle's shell, a term containing one Greek letter and some rearranged friends Xiphiplastron
10%
Y A technology company Yatron
10%
I Having the same numbers of electrons, or structure Isoelectronic
0%
K Type of diode which provides a current flowing in only one direction, for high-voltage, low-current machines Kenotron
0%
L Town in Ecuador which is the twin of Los Angeles, Cal. La Troncal
0%
O Small instrument utilizing the principle of the cyclotron for the measurement of the masses of atomic particles Omegatron
0%
Q An American oak tree which is present thanks to an unusual cure that was found for it Quercitron
0%
V I contrive a type of glycoprotein containing tin Vitronectin
0%
W Medication sometimes given to women for menstrual problems Wytron
0%
Z Small town in Free State, S.A, around 20 miles from the border with Lesotho Zastron
0%
No matching quizzes found
Score Distribution
Percent of People with Each Score
Percentile by Number Answered
Your Score History
You have not taken this quiz